| 000 | 01059cam a2200313 i 4500 | ||
|---|---|---|---|
| 999 |
_c200458709 _d76921 |
||
| 003 | TR-AnTOB | ||
| 005 | 20231113100644.0 | ||
| 007 | ta | ||
| 008 | 230405s2022 tu $r01 |||||$ tu utur | ||
| 020 | _a9786254271212 | ||
| 020 | _a9786254271205 | ||
| 040 |
_aTR-AnTOB _beng _erda _dHKUT _cTR-AnTOB |
||
| 041 | 0 | _atur | |
| 050 | 0 | 0 |
_aT57.6 _b.G463 2022 |
| 090 |
_aT57.6 _b.G463 2022 |
||
| 100 | 1 |
_aGencer, Cevriye Temel _9144285 _eauthor |
|
| 245 | 1 | 0 |
_aYöneylem araştırması / _cProf. Dr. Cevriye Temel Gencer, Dr. Yunus Emre Karamanoğlu. |
| 264 | 1 |
_aAnkara : _bNobel Akademik Yayıncılık, _c2022. |
|
| 300 |
_ax,571 pages : _billustrations, tables, graphs ; _c23 cm |
||
| 336 |
_2rdacontent _atext _btxt |
||
| 337 |
_2rdamedia _aunmediated _bn |
||
| 338 |
_2rdacarrier _avolume _bnc |
||
| 490 | 0 |
_aNobel Akademik Yayın no. ; _v4277 _aİstatistik No. ; _v164 |
|
| 650 | 0 |
_aOperations research _9783 |
|
| 650 | 0 |
_aProgramming (Mathematics) _9784 |
|
| 700 | 1 |
_aKaramanoğlu, Yunus Emre _9144286 _eauthor |
|
| 942 |
_2lcc _cBK |
||